| 000 | 00780pam a2200241 a 4500 | ||
|---|---|---|---|
| 001 | 4750315 | ||
| 003 | ARRUPE | ||
| 005 | 20151204141907.0 | ||
| 008 | 850402s1986 mau b 000 0deng | ||
| 010 | _a 85008242 | ||
| 020 | _a0932506402 (pbk.) | ||
| 040 |
_aDLC _cDLC _dDLC |
||
| 050 | 0 | 0 |
_aBV5075 _b.H47 1986 |
| 082 | 0 | 0 |
_a248.2/2 _219 |
| 100 | 1 |
_aHerrera, Robert A. _98488 |
|
| 245 | 1 | 0 |
_aLamps of fire : _bstudies in Christian mysticism / _cRobert A. Herrera ; introduction by Frederick D. Wilhelmsen. |
| 260 |
_aPetersham, Mass. : _bSt. Bede's Publications, _cc1986. |
||
| 300 |
_axi, 138 p. ; _c22 cm. |
||
| 504 | _aIncludes bibliographies. | ||
| 650 | 0 |
_aMysticism _xHistory. _920857 |
|
| 906 |
_a7 _bcbc _corignew _d1 _eocip _f19 _gy-gencatlg |
||
| 942 |
_2lcc _cMONOGRAPH |
||
| 999 |
_c123717 _d123717 |
||